| 000 | 00458nam a2200193Ia 4500 | ||
|---|---|---|---|
| 008 | 170918s9999 xx 000 0 und d | ||
| 020 | _a9780345526540 | ||
| 050 | _bB534ki 2013 | ||
| 100 | _aBerry, Steve | ||
| 245 | 4 | _aThe King's deception : | |
| 245 | _ba novel / | ||
| 245 | _cby Steve Berry. | ||
| 260 | _aNew York : | ||
| 260 | _bBallantine Books, | ||
| 260 | _c2013 | ||
| 300 | _a409 pages : | ||
| 300 | _billustrations ; | ||
| 300 | _c24cm. | ||
| 999 |
_c344259 _d344259 |
||